| 000 | 00547nam a2200193 4500 | ||
|---|---|---|---|
| 005 | 20250725123704.0 | ||
| 010 | _aENG-146171 | ||
| 020 |
_a9789361634161 _c450.00 |
||
| 035 | _aEN-129703 | ||
| 037 | _bDBAD | ||
| 082 | _a658.15 | ||
| 100 |
_aSuganya, V. _983362 |
||
| 245 |
_aBusiness FInance/ _cV. Suganya |
||
| 250 | _a1 | ||
| 260 |
_aMadurai _bShanlax Publications _c2024 |
||
| 270 |
_a61,66 Vasantha Nagar _bMadurai _e625003 _mshanlaxpublications@gmail.com |
||
| 300 |
_a78p. _c25cm(Pb) |
||
| 942 |
_2ddc _cEN _h658.15 _mSUG |
||
| 999 |
_c212626 _d212626 |
||